Arturo Gordon Vargas
Uloženo v:
| Hlavní autor: | |
|---|---|
| Médium: | Kniha |
| Jazyk: | španělština |
| Vydáno: |
Santiago
Empresa Industrial Gráfica
1963
|
| Vydání: | 1a. ed |
| Edice: | Algunos Discipulos
|
| Témata: | |
| Tagy: |
Přidat tag
Žádné tagy, Buďte první, kdo vytvoří štítek k tomuto záznamu!
|
MARC
| LEADER | 00000cam a2200000 a 4500 | ||
|---|---|---|---|
| 001 | UCC3803 | ||
| 003 | CL-VaPUC | ||
| 008 | 180615e19630000cl |||||||||||||||||spa|d | ||
| 082 | 0 | 4 | |a 759.983 |b MEL |2 21 |
| 100 | |a Melcherts Briones, Enrique |e autor |9 597917 | ||
| 245 | 1 | 0 | |a Arturo Gordon Vargas |
| 250 | |a 1a. ed | ||
| 300 | |a 111 p | ||
| 942 | |c BK | ||
| 945 | |d 20180615 12:36:00 |a arojas | ||
| 260 | |a Santiago |b Empresa Industrial Gráfica |c 1963 | ||
| 600 | 0 | 7 | |a GORDON, ARTURO |2 CL-VaPUC |9 506454 |
| 650 | 0 | |a Pintura chilena |9 266171 | |
| 650 | 0 | |a Pintores chilenos |9 345328 | |
| 650 | 0 | |a Biografías |9 255210 | |
| 583 | |a last modification |c 20180615 12:36:00 |k Rodrigo Vera | ||
| 490 | 0 | |a Algunos Discipulos | |
| 999 | |c 371476 |d 371474 | ||
| 952 | |0 0 |1 0 |3 erb |4 0 |6 759_983000000000000_MEL_1963 |7 0 |8 R |9 488482 |a BIBART |b BIBART |i 5474787 |l 1 |o 759.983 MEL 1963 |p 5474787 |r 2025-03-13 |s 2022-04-27 |w 2019-11-24 |y BK_R |z Catalogado en:20180615 |k ART | ||